[Event "EOC-ch Playoff-B 2021"]
[Site "Online"]
[Date "2021.03.29"]
[Round "1.9"]
[White "Kryvoruchko, Yuriy"]
[Black "Muradli, Mahammad"]
[Result "1/2-1/2"]
[WhiteElo "2699"]
[BlackElo "2449"]
[Annotator "TA"]
[PlyCount "140"]
[EventDate "2021.03.29"]
[EventType "team-tourn"]
[EventCountry "NET"]
[SourceTitle "playchess.com"]
[Source "ChessBase"]
[SourceQuality "1"]

{[%evp 10,140,32,30,32,32,32,32,26,26,33,12,7,0,0,0,0,0,0,7,0,8,7,-66,-69,-62,-55,-67,-59,-58,-60,-65,-14,-99,-85,-106,-94,-89,-72,-62,-75,-69,-41,-52,-52,-56,-55,-84,-84,-102,-88,-138,-124,-137,-6,-8,0,-78,-17,-78,-36,-105,-83,-232,-133,-143,-116,-169,0,0,0,0,0,0,0,0,0,0,0,0,19,19,19,6,27,6,19,19,19,19,19,19,19,19,19,19,19,19,19,19,19,19,19,19,19,19,19,19,19,19,19,19,19,6,6,6,6,6,6,6,6,0,0,0,0,0,0,0,0,0,0,0,0]} 1. e4 c5 2. Nf3 d6 3. Bb5+ Bd7 4. Bxd7+ Qxd7 5. c4 Nf6 6. Nc3 g6 {6...g6 is better than 6...Nc6. B52: Sicilian: Moscow Variation with 3...Bd7.} 7. d4 cxd4 8. Nxd4 Bg7 {White is slightly better.} 9. f3 O-O 10. O-O Rc8 11. b3 d5 12. exd5 Nxd5 13. Nxd5 e6 14. Bh6 {[#] aiming for Bxg7.} exd5 15. Bxg7 Kxg7 {[#]} 16. Re1 $146 ({Better is} 16. Nb5 $11) ({Predecessor:} 16. cxd5 Qxd5 17. Ne2 Qc5+ 18. Qd4+ Qxd4+ 19. Nxd4 Nc6 20. Rad1 Nxd4 21. Rxd4 Rc2 22. Rf2 Rc1+ 23. Rf1 Rc2 {½-½ (23) Karjakin,S (2762)-Nepomniachtchi,I (2705) Berlin 2015}) 16... dxc4 $15 17. Rc1 cxb3 $1 18. Rxc8 Qxc8 19. Nxb3 Nc6 20. Nc5 Qc7 (20... Qd8 $15) 21. Qa1+ (21. Nd7 $11 {remains equal.}) 21... Kg8 $17 22. Ne4 {Black must now prevent Nf6+.} Qb6+ 23. Kh1 {Hoping for Nf6+.} Qd4 24. Qxd4 Nxd4 {[%mdl 4096] Endgame KRN-KRN} 25. Nd6 Kf8 26. Nxb7 Rc8 27. Kg1 Rc2 28. Nd6 Rxa2 29. Re8+ Kg7 30. Re7 Kf6 31. Rb7 Ke5 (31... a5 $17 {With the idea ...a4.} 32. Ne4+ Ke6 33. Ng5+ Kd5 34. Rd7+ Kc5 35. Ne4+ Kc4 36. Nd6+ Kd3) 32. Nxf7+ $11 Kf4 33. Rb1 (33. Re7 $11 Ra1+ 34. Kf2 Ra2+ 35. Kg1 Ra1+ 36. Kf2 Ra2+ 37. Kg1) 33... a5 (33... Ke3 $17 34. Re1+ Re2) 34. Nd6 (34. Re1 $11 {keeps the balance.} Ne2+ 35. Kf1) 34... a4 {And now ...Ke3 would win.} 35. Rb4 (35. Re1 $1 $15 Ne2+ 36. Kf1) 35... Ke3 (35... Ke5 {with more complications.} 36. Nc4+ Ke6 37. Ne3 Nc6 38. Rc4 Ne5) 36. h4 {[#]} (36. Nc4+ $17 Ke2 37. h4) 36... Ne2+ (36... Kd3 $1 $19 37. Rb7 a3) 37. Kh2 $17 Ra1 38. Re4+ (38. Rb7 $17) 38... Kf2 $2 (38... Kd3 $19 {Threatens to win with ...Rh1+!} 39. Re7 h5) 39. Re7 $11 Ng3 {[%csl Gg3][%cal Ra1h1]} (39... Nd4 {seems wilder.} 40. Rxh7 a3 41. Ra7 Ne2 42. Re7 Nc1) 40. Ne4+ $1 Nxe4 41. fxe4 {KR-KR} a3 42. Rxh7 Ke3 43. e5 Kf4 44. e6 a2 {( -> ...Rb1)} (44... Kf5 {looks sharper.} 45. e7 Re1 46. Rf7+ Kg4 47. Rf3 a2) 45. Ra7 Re1 46. Ra4+ (46. Rxa2 {feels hotter.} Kg4 47. Ra4+ Kh5 48. Kh3 Rxe6 49. g4+) 46... Kf5 47. Rxa2 (47. g4+ {is more complex.} Kf6 48. Rxa2 Rxe6 49. Kg3 Rb6 50. g5+) 47... Rxe6 {The position is equal.} 48. Ra5+ Kg4 49. Ra4+ Kh5 50. Kh3 Re3+ 51. g3 Rb3 52. Ra8 {[%cal Ra8h8]} Kh6 53. Rf8 Kg7 54. Rf4 Kh6 55. Kg4 Ra3 56. Rb4 Rc3 57. Kf4 Ra3 58. g4 g5+ 59. hxg5+ Kg6 60. Rb6+ Kg7 61. g6 Ra5 62. Re6 (62. Rd6 {keeps more tension.} Rb5 63. Kf3 Rg5 64. Rd8 Rxg6 65. Rd1) 62... Rb5 63. Kg3 Ra5 64. Kh4 Rb5 65. g5 Rb1 66. Rf6 Rh1+ 67. Kg4 Rg1+ 68. Kh4 Rh1+ 69. Kg4 Rg1+ 70. Kh4 Rh1+ {Weighted Error Value: White=0.19/Black=0.17} 1/2-1/2

[Event "EOC-ch Playoff-B 2021"]
[Site "Online"]
[Date "2021.03.29"]
[Round "1.10"]
[White "Mammadzada, Gunay"]
[Black "Eljanov, Pavel"]
[Result "0-1"]
[WhiteElo "2443"]
[BlackElo "2672"]
[Annotator "TA"]
[PlyCount "76"]
[EventDate "2021.03.29"]
[EventType "team-tourn"]
[EventCountry "NET"]
[SourceTitle "playchess.com"]
[Source "ChessBase"]
[SourceQuality "1"]

{[%evp 12,76,29,21,47,31,29,29,51,6,22,17,29,-10,-13,-15,3,-35,-24,-58,-47,-77,-61,-62,-47,-53,-17,-68,-44,-91,-70,-90,25,25,49,-119,-84,-89,-88,-87,-88,-197,-189,-192,-174,-251,-214,-216,-210,-210,-210,-187,-210,-191,-201,-415,-366,-425,-287,-312,-310,-2044,-326,-500,-499,-437,-474]} 1. e4 c6 2. d4 d5 3. Nc3 dxe4 4. Nxe4 Nf6 5. Nxf6+ exf6 6. c3 Bd6 7. Bd3 Na6 {B15: Caro-Kann: 3 Nc3: 3...g6 and 3...dxe4 4 Nxe4 Nf6 5 Nxf6+ exf6.} 8. Qc2 {[#]} Nc7 $146 ({Predecessor:} 8... g6 9. Ne2 Nc7 10. Bd2 Be6 11. c4 a5 12. h4 h5 13. O-O-O a4 14. Kb1 a3 15. b3 {1-0 (37) Paniagua,E (1932)-Chung,Y (1706) Chess.com INT 2021}) 9. Ne2 h5 {White has an edge.} 10. Ng3 g6 11. Ne4 Be7 12. Bd2 f5 13. Ng3 Be6 14. f3 Nd5 15. O-O-O b5 16. Rhe1 Qd7 17. Kb1 a5 {[%cal Ba7a5,Ba5a4][%mdl 32]} 18. Ne2 a4 19. g3 (19. c4 $11 bxc4 20. Bxc4) 19... Kf8 20. Ka1 b4 21. Qc1 {[#]} bxc3 (21... a3 $1 $17 {White must now prevent ...b3!} 22. b3 bxc3 23. Nxc3 h4) 22. bxc3 $11 Kg7 23. Qc2 $2 (23. c4 $1 $14 {is the one way to stay ahead.}) 23... Bf6 {White is now going downhill.} 24. c4 {[#]} Nb6 25. Rb1 Rhb8 26. c5 {[#]} (26. a3 $17 {was worth a try.}) 26... Bb3 $1 $19 {[%mdl 512]} 27. Qc1 Nd5 {[%cal Bb6d5,Bd5c7,Bc7e6,Be6c5][%mdl 32] aiming for ...Nb4.} 28. Bc4 (28. Rb2 $142) 28... Bxc4 29. Qxc4 a3 30. Nc3 Nc7 31. Be3 Ne6 {[%cal Re6d4]} 32. Red1 Rxb1+ $40 {[%mdl 128] White is in trouble.} 33. Nxb1 $2 (33. Kxb1 {only move.} Qb7+ 34. Qb3) 33... Qb7 {[%csl Ga3][%cal Rb7b2]} 34. Qb3 Qxb3 35. axb3 a2 36. Nd2 $2 (36. Nc3 Nxc5 37. Nxa2) 36... Nxc5 $2 (36... Nxd4 {[%cal Rd4b3]} 37. Kb2 Nb5+ 38. Kc2 Na3+ 39. Kd3 Rd8+ 40. Ke2 Nb1 {[%mdl 64] Promotion}) 37. Rc1 (37. b4 $142 Nd3 38. Nb3 Nxb4 39. Rc1) 37... Ne6 38. Rc4 c5 {Weighted Error Value: White=0.61/Black=0.40} 0-1

[Event "EOC-ch Playoff-B 2021"]
[Site "Online"]
[Date "2021.03.29"]
[Round "1.11"]
[White "Kuzubov, Yuriy"]
[Black "Shahaliyev, Ismayil"]
[Result "1-0"]
[WhiteElo "2642"]
[BlackElo "2413"]
[Annotator "TA"]
[PlyCount "103"]
[EventDate "2021.03.29"]
[EventType "team-tourn"]
[EventCountry "NET"]
[SourceTitle "playchess.com"]
[Source "ChessBase"]
[SourceQuality "1"]

{[%evp 18,103,8,12,14,13,11,0,0,0,0,-7,14,16,18,18,12,25,28,0,0,0,21,19,9,16,22,19,11,13,31,29,44,12,75,54,71,63,69,28,29,15,16,15,14,14,17,29,47,56,42,32,60,55,66,71,80,79,83,0,90,16,16,17,300,268,296,283,269,268,576,519,29965,29966,29970,29967,29972,29974,29972,29972,29975,29976,29975,29976,29978,29979,29975,4688]} 1. d4 Nf6 2. Nf3 e6 3. c4 d5 4. g3 dxc4 5. Bg2 c5 6. O-O Nc6 7. dxc5 Qxd1 8. Rxd1 Bxc5 9. Nbd2 c3 10. bxc3 O-O {E04: Open Catalan: 5 Nf3.} 11. Ne1 Rd8 12. Nd3 Be7 {The position is equal.} 13. Rb1 Nd5 14. Bb2 f6 {[#]} 15. c4 $146 ({Predecessor:} 15. Ba1 Rb8 16. c4 Ndb4 17. c5 Na6 18. f4 Bd7 19. Rdc1 Be8 20. Ne4 Nc7 21. Kf2 {1-0 (28) Pashikian,A (2606)-Hojjatova,A (2288) Al Ain 2015}) 15... Ndb4 16. Nxb4 Nxb4 17. Bc3 a5 18. a3 Nc6 19. a4 Ra6 20. Nb3 Rxd1+ 21. Rxd1 Kf7 22. c5 e5 23. Bd5+ Be6 24. e4 g6 25. Kf1 Ra8 (25... b6 $1 $11) 26. Ke2 h5 27. Rb1 Rc8 28. Bxe6+ Kxe6 29. Nxa5 Nxa5 30. Bxa5 {next Rb6+ is good for White.} Rxc5 $14 {[%mdl 4096] Endgame KRB-KRB} 31. Rb6+ Kf7 32. Bb4 Rc2+ 33. Kd3 Rc7 34. Bxe7 Kxe7 {KR-KR} 35. h4 Kf7 36. f4 Rd7+ 37. Ke3 Rc7 38. Kd3 Rd7+ $1 {[#]} 39. Kc3 (39. Kc4 $1 $16) 39... Rc7+ $11 40. Kb3 Rd7 $2 {[%mdl 8192] This move loses the game for Black.} (40... exf4 $11 {and Black is okay.} 41. gxf4 g5) 41. fxe5 $18 fxe5 42. a5 Rc7 43. Kb4 Rd7 $2 {[#]} (43... g5 {is a better chance.} 44. hxg5 Kg8) 44. Kc5 Rd4 (44... g5 $18 45. hxg5 Rc7+ 46. Kd6 Rc3 47. Kxe5 (47. Rxb7+ Kg6 $18) 47... Rc5+ 48. Kf4 Rxa5) 45. Rxb7+ {White mates.} Kf6 46. Rb6+ Kf7 47. Rb4 Rd3 48. Ra4 Rxg3 49. a6 {[%cal Ba5a6,Ba6a7][%mdl 32]} Rc3+ 50. Kd5 Rc8 51. a7 Ra8 52. Kxe5 {Weighted Error Value: White=0.09/Black=0.37} (52. Ra6 $142 Kg8 53. Kc6 g5 54. hxg5 Rd8 55. a8=Q Rxa8 56. Rxa8+ Kf7 57. Ra6) 1-0

[Event "EOC-ch Playoff-B 2021"]
[Site "Online"]
[Date "2021.03.29"]
[Round "1.12"]
[White "Bashirli, Nail"]
[Black "Baklan, Vladimir"]
[Result "1/2-1/2"]
[WhiteElo "2382"]
[BlackElo "2587"]
[Annotator "ChessBase"]
[PlyCount "89"]
[EventDate "2021.03.29"]
[EventType "team-tourn"]
[EventCountry "NET"]
[SourceTitle "playchess.com"]
[Source "ChessBase"]
[SourceQuality "1"]
[TimeControl "900+5"]

1. e4 {[%emt 0:00:00]} c5 {[%emt 0:00:04]} 2. Nc3 {[%emt 0:00:02]} Nc6 {[%emt 0:00:01]} 3. Nf3 {[%emt 0:00:27]} d6 {[%emt 0:00:09]} 4. d4 {[%emt 0:00:02]} cxd4 {[%emt 0:00:01]} 5. Nxd4 {[%emt 0:00:01]} Nf6 {[%emt 0:00:01]} 6. Bg5 {[%emt 0:00:02]} e6 {[%emt 0:00:02]} 7. Qd2 {[%emt 0:00:01]} a6 {[%emt 0:00:01]} 8. O-O-O {[%emt 0:00:01]} Bd7 {[%emt 0:00:01]} 9. f4 {[%emt 0:00:01]} Be7 {[%emt 0:00:02]} 10. Nf3 {[%emt 0:00:03]} b5 {[%emt 0:00:02]} 11. Bxf6 {[%emt 0:00:09]} gxf6 {[%emt 0:00:02]} 12. Kb1 {[%emt 0:00:16]} Qa5 {[%emt 0:00:11]} 13. Bd3 {[%emt 0:00:09]} Rc8 {[%emt 0:00:07]} 14. f5 {[%emt 0:00:07]} Nb4 {[%emt 0:00:06]} 15. a3 {[%emt 0:00:40]} Nc6 {[%emt 0:00:03]} 16. Na2 {[%emt 0:02:17]} Qxd2 {[%emt 0:01:15]} 17. Rxd2 {[%emt 0:00:06]} Ne5 {[%emt 0:00:02]} 18. Nxe5 {[%emt 0:01:58]} fxe5 {[%emt 0:00:02]} 19. Nc3 {[%emt 0:00:50]} Bg5 {[%emt 0:00:56]} 20. Rf2 {[%emt 0:00:12]} Ke7 {[%emt 0:00:20]} 21. Rhf1 {[%emt 0:00:04]} Be8 {[%emt 0:00:22]} 22. g3 {[%emt 0:00:37]} h5 {[%emt 0:00:38]} 23. h4 {[%emt 0:00:04]} Be3 {[%emt 0:00:03]} 24. Rf3 {[%emt 0:00:03]} Bb6 {[%emt 0:00:09]} 25. Nd1 {[%emt 0:00:28]} Rg8 {[%emt 0:01:16]} 26. Be2 {[%emt 0:00:27]} d5 {[%emt 0:00:57]} 27. fxe6 {[%emt 0:01:26]} fxe6 {[%emt 0:00:08]} 28. exd5 {[%emt 0:00:22]} exd5 {[%emt 0:00:13]} 29. Nc3 {[%emt 0:00:41]} Rd8 {[%emt 0:00:35]} 30. Rf5 {[%emt 0:01:09]} Bd4 {[%emt 0:04:04]} 31. Bxh5 {[%emt 0:00:04]} Bxh5 {[%emt 0:01:27]} 32. Rxh5 {[%emt 0:00:03]} Bxc3 {[%emt 0:00:01]} 33. bxc3 {[%emt 0:01:12]} e4 {[%emt 0:00:07]} 34. Rh7+ {[%emt 0:01:06]} Ke6 {[%emt 0:00:03]} 35. Rh6+ {[%emt 0:00:01]} Ke5 {[%emt 0:00:02]} 36. Rhf6 {[%emt 0:00:38]} e3 {[%emt 0:00:02]} 37. R1f5+ {[%emt 0:00:27]} Ke4 {[%emt 0:00:02]} 38. Rf4+ {[%emt 0:00:01]} Ke5 {[%emt 0:00:02]} 39. R4f5+ {[%emt 0:00:50]} Ke4 {[%emt 0:00:02]} 40. Rf1 {[%emt 0:00:02]} Rde8 {[%emt 0:00:32]} 41. R1f4+ {[%emt 0:00:37]} Ke5 {[%emt 0:00:03]} 42. R4f5+ {[%emt 0:00:27]} Ke4 {[%emt 0:00:02]} 43. Rf4+ {[%emt 0:00:08]} Ke5 {[%emt 0:00:02]} 44. R4f5+ {[%emt 0:00:01]} Ke4 {[%emt 0:00:01]} 45. Rf4+ {[%emt 0:00:01]} 1/2-1/2

[Event "EOC-ch Playoff-B 2021"]
[Site "Online"]
[Date "2021.03.29"]
[Round "2.1"]
[White "Meier, Georg"]
[Black "Muradli, Mahammad"]
[Result "1/2-1/2"]
[WhiteElo "2628"]
[BlackElo "2449"]
[Annotator "TA"]
[PlyCount "111"]
[EventDate "2021.03.29"]
[EventType "team-tourn"]
[EventCountry "NET"]
[SourceTitle "playchess.com"]
[Source "ChessBase"]
[SourceQuality "1"]

{[%evp 12,110,8,9,25,12,46,9,16,9,3,4,22,15,18,17,24,18,27,22,24,17,14,7,110,105,129,138,144,127,136,134,139,104,104,105,139,33,71,15,80,88,77,30,30,30,30,31,30,34,34,34,34,0,0,0,0,0,0,0,0,0,0,0,0,0,0,0,0,0,0,0,0,0,0,0,0,0,0,0,47,54,54,54,80,80,144,144,144,144,144,144,144,144,144,144,144,144,144,0,0]} 1. Nf3 g6 2. g3 Bg7 3. d4 c5 4. c3 cxd4 5. cxd4 d5 6. Nc3 Nc6 7. Bg2 Nf6 {A04: Unusual lines after 1 Nf3 and King's Indian Attack.} 8. Ne5 Nd7 9. Nxc6 bxc6 10. O-O O-O {[#]} 11. Be3 $146 ({Predecessor:} 11. e4 dxe4 12. Bxe4 Nb6 13. Bxc6 Bh3 14. Re1 Rc8 15. Bf3 Bxd4 16. Nb5 Bf6 17. Nxa7 Qxd1 18. Rxd1 {1-0 (61) Nakamura,H (2733)-Flores,D (2615) Khanty-Mansiysk 2010}) 11... Ba6 12. Rc1 Re8 13. Qa4 Qb6 14. Rfd1 Qb7 15. Qc2 Rac8 16. b3 e6 17. Qd2 c5 (17... Qb4 $11) 18. dxc5 $16 Nxc5 19. Nxd5 $1 exd5 20. Rxc5 Rxc5 21. Bxc5 Rxe2 22. Qxd5 Qxd5 23. Bxd5 Rxa2 {[#]} 24. Bc4 ({Better is} 24. b4 $1 $16 Be2 25. Bxa2 Bxd1 26. Bxa7) 24... Be5 25. Rd8+ Kg7 {[#]} 26. f4 $1 {[%cal Rf4e5]} Bc7 27. Bd4+ Kh6 28. Rd7 Bb6 29. Bxb6 ({Don't go for} 29. Bxf7 $2 Rd2 $19) 29... Bxc4 30. bxc4 axb6 31. Rxf7 $11 {[%mdl 4096] Endgame Black must now prevent g4. KR-KR} Rc2 32. g4 Rxc4 33. h3 {Intending g5+ and mate.} (33. h4 {is more complex.} Rc2 34. Rb7 b5 35. Rxb5 Rc4 36. Kf2) 33... g5 $1 34. Rf6+ Kg7 35. fxg5 b5 36. Kg2 Rc5 37. h4 b4 38. Rb6 {Rb7+ is the strong threat.} Rc2+ 39. Kf3 (39. Kf1 {is interesting.} Rc4 40. Rb7+ Kg6 41. Kf2 Rxg4 42. Rb6+) 39... Rc3+ 40. Kf4 {And now Rb7+ would win.} Rc4+ 41. Kf5 Rc5+ 42. Ke6 Rc4 43. h5 {White threatens Rb7+ and mate.} (43. Kd5 {with more complications.} Rxg4 44. Rb7+ Kg6 45. Rb6+ Kg7) 43... Rxg4 44. Rb7+ Kg8 45. Kf5 (45. Rb8+ {seems wilder.} Kg7 46. Kf5 Rg1 47. Rb7+ Kg8 48. Rxb4 Rf1+ 49. Rf4) 45... Rg1 (45... Rd4 {looks sharper.} 46. h6 Rd1 47. Rxb4 Rf1+ 48. Kg4 Rg1+) 46. Rxb4 Rf1+ 47. Rf4 Rxf4+ 48. Kxf4 $14 {Hoping for h6. KPP-KP} h6 ({Black should play} 48... Kf7) 49. g6 $16 ({But not} 49. gxh6 $6 Kh8 $11) 49... Kg7 50. Ke5 Kg8 51. Kf6 {Threatens to win with Ke5.} Kf8 52. Kf5 Kg7 53. Ke6 {Strongly threatening Ke7.} Kf8 54. Kf6 {aiming for Ke6.} Kg8 55. g7 (55. Ke5 $16) 55... Kh7 $11 56. Kf7 {Weighted Error Value: White=0.12/Black=0.13} 1/2-1/2

[Event "EOC-ch Playoff-B 2021"]
[Site "Online"]
[Date "2021.03.29"]
[Round "2.3"]
[White "Keymer, Vincent"]
[Black "Shahaliyev, Ismayil"]
[Result "1-0"]
[WhiteElo "2591"]
[BlackElo "2413"]
[Annotator "ChessBase"]
[PlyCount "77"]
[EventDate "2021.03.29"]
[EventType "team-tourn"]
[EventCountry "NET"]
[SourceTitle "playchess.com"]
[Source "ChessBase"]
[SourceQuality "1"]
[TimeControl "900+5"]

1. d4 {[%emt 0:00:00]} Nf6 {[%emt 0:00:03]} 2. c4 {[%emt 0:00:02]} e6 {[%emt 0:00:02]} 3. Nf3 {[%emt 0:00:02]} d5 {[%emt 0:00:02]} 4. Nc3 {[%emt 0:00:02]} Bb4 {[%emt 0:00:02]} 5. Qa4+ {[%emt 0:00:01]} Nc6 {[%emt 0:00:02]} 6. e3 {[%emt 0:00:02]} O-O {[%emt 0:00:03]} 7. Bd2 {[%emt 0:00:01]} a5 {[%emt 0:00:41]} 8. Qc2 {[%emt 0:00:52]} b6 {[%emt 0:00:24]} 9. Rc1 {[%emt 0:01:35]} Ne7 {[%emt 0:00:46]} 10. Be2 {[%emt 0:00:46]} dxc4 {[%emt 0:00:27]} 11. Bxc4 {[%emt 0:00:08]} Bb7 {[%emt 0:00:01]} 12. Be2 {[%emt 0:00:09]} Rc8 {[%emt 0:01:37]} 13. a3 {[%emt 0:01:10]} Bxc3 {[%emt 0:01:12]} 14. bxc3 {[%emt 0:00:11]} Qd6 {[%emt 0:00:16]} 15. Qb2 {[%emt 0:00:10]} c5 {[%emt 0:01:41]} 16. O-O {[%emt 0:00:16]} c4 {[%emt 0:00:16]} 17. Ne5 {[%emt 0:01:00]} Ne4 {[%emt 0:00:31]} 18. Be1 {[%emt 0:00:07]} Ba6 {[%emt 0:01:11]} 19. f3 {[%emt 0:00:09]} Nc5 {[%emt 0:01:02]} 20. Nxc4 {[%emt 0:01:41]} Bxc4 {[%emt 0:02:05]} 21. Bxc4 {[%emt 0:00:00]} Na4 {[%emt 0:00:43]} 22. Qb3 {[%emt 0:00:13]} Rxc4 {[%emt 0:00:03]} 23. Qxc4 {[%emt 0:00:00]} Qxa3 {[%emt 0:00:02]} 24. Bh4 {[%emt 0:02:58]} Nf5 {[%emt 0:01:20]} 25. Bf2 {[%emt 0:00:05]} Nd6 {[%emt 0:01:10]} 26. Qc6 {[%emt 0:00:08]} Rc8 {[%emt 0:00:29]} 27. Qd7 {[%emt 0:00:03]} Nxc3 {[%emt 0:00:16]} 28. Rxc3 {[%emt 0:00:06]} Qxc3 {[%emt 0:00:03]} 29. Qxd6 {[%emt 0:00:02]} b5 {[%emt 0:00:02]} 30. Qb6 {[%emt 0:01:04]} a4 {[%emt 0:00:29]} 31. Qxb5 {[%emt 0:00:06]} a3 {[%emt 0:00:01]} 32. Qa6 {[%emt 0:01:29]} h6 {[%emt 0:00:02]} 33. Rb1 {[%emt 0:00:43]} Qc2 {[%emt 0:00:13]} 34. Ra1 {[%emt 0:00:29]} Rb8 {[%emt 0:00:18]} 35. Qxa3 {[%emt 0:00:31]} Rb1+ {[%emt 0:00:03]} 36. Be1 {[%emt 0:00:02]} Rb3 {[%emt 0:00:16]} 37. Qa8+ {[%emt 0:00:03]} Kh7 {[%emt 0:00:02]} 38. Qe4+ {[%emt 0:00:03]} Qxe4 {[%emt 0:00:02]} 39. fxe4 {[%emt 0:00:00]} 1-0

[Event "EOC-ch Playoff-B 2021"]
[Site "Online"]
[Date "2021.03.29"]
[Round "2.5"]
[White "Ivanchuk, Vasyl"]
[Black "Kryvoruchko, Yuriy"]
[Result "1/2-1/2"]
[WhiteElo "2678"]
[BlackElo "2699"]
[Annotator "TA"]
[PlyCount "87"]
[EventDate "2021.03.29"]
[EventType "team-tourn"]
[EventCountry "NET"]
[SourceTitle "playchess.com"]
[Source "ChessBase"]
[SourceQuality "1"]

{[%evp 9,87,-4,15,9,-5,4,41,35,39,42,33,32,57,53,66,20,43,24,12,10,18,17,29,20,38,13,10,4,4,4,2,5,49,10,70,70,71,71,71,70,70,70,70,70,70,64,76,64,78,39,65,64,64,64,62,62,62,60,60,58,58,57,60,58,58,48,48,48,49,31,31,25,31,31,31,31,31,31,31,25]} 1. d4 Nf6 2. c4 e6 3. Nc3 Bb4 4. e3 O-O 5. Bd2 c5 6. a3 {E46: Nimzo-Indian: Rubinstein: 4 e3 0-0 5 Ne2 without early Bd3.} Bxc3 7. Bxc3 cxd4 8. Qxd4 Nc6 9. Qh4 e5 {[#]} 10. Rd1 $146 ({Predecessor:} 10. Bd3 d5 11. Ne2 Be6 12. Nf4 d4 13. Nxe6 fxe6 14. Rd1 e4 15. Bxe4 Nxe4 16. Qxe4 {1-0 (46) Pedersen,J (1325)-Walseth,T (1836) Tromsoe 2000}) 10... Qe7 11. Bd3 h6 12. Ne2 d5 13. O-O dxc4 14. Bxc4 Be6 15. Bb5 {aiming for Bxc6.} Bb3 16. Rc1 {Hoping for Bxc6.} Nd5 17. Qxe7 (17. Qe4 {with more complications.} Rfe8 18. Qd3 Nb6 19. Bxc6 Bc4 20. Qc2) 17... Ndxe7 18. f4 a6 19. Bxc6 Nxc6 20. Bxe5 Rfe8 21. Nd4 (21. Rc3 $5 {[%cal Rc3b3]} Nxe5 22. fxe5 $11 (22. Rxb3 Nc4 $11)) 21... Nxd4 (21... Nxe5 $11 22. fxe5 (22. Nxb3 Nd3 $11) 22... Bd5) 22. Bxd4 $14 Rac8 23. g4 f6 24. Kf2 Kf7 25. Kg3 Rc2 26. Rxc2 Bxc2 {[%mdl 4096] Endgame KRB-KRB} 27. f5 Rc8 28. h4 Re8 29. g5 hxg5 30. hxg5 fxg5 31. Kg4 g6 32. fxg6+ Kxg6 33. Rf6+ Kh7 34. Kxg5 Kg8 35. Kh6 Rc8 36. Rf4 Rc6+ 37. Kg5 Rg6+ 38. Kh5 Rg2 39. e4 Re2 40. Rg4+ Kf8 41. e5 {White is slightly better.} Re4 42. Rxe4 Bxe4 43. Kg5 Ke7 44. Kf4 {Weighted Error Value: White=0.08/Black=0.09} 1/2-1/2

[Event "EOC-ch Playoff-B 2021"]
[Site "Online"]
[Date "2021.03.29"]
[Round "2.6"]
[White "Eljanov, Pavel"]
[Black "Lagarde, Maxime"]
[Result "0-1"]
[WhiteElo "2672"]
[BlackElo "2640"]
[Annotator "TA"]
[PlyCount "100"]
[EventDate "2021.03.29"]
[EventType "team-tourn"]
[EventCountry "NET"]
[SourceTitle "playchess.com"]
[Source "ChessBase"]
[SourceQuality "1"]

{[%evp 9,100,51,45,52,43,48,87,50,72,22,40,13,18,-33,-22,-23,-16,-30,-34,-20,-20,-40,-2,-33,-12,-36,-35,-35,-27,-53,-53,-53,-53,-62,-21,-21,-18,-68,-51,-56,-58,-58,-49,-48,-34,-58,-45,-61,-22,-44,7,-256,-231,-250,-229,-249,-235,-249,-246,-255,-268,-256,-185,-277,-274,-461,-459,-627,-626,-622,-612,-698,-642,-627,-604,-483,-466,-458,-453,-1184,-1058,-1189,-694,-690,-660,-786,-652,-667,-583,-763,-737,-589,47]} 1. d4 f5 2. Nc3 Nf6 3. Bg5 d5 4. e3 Be6 5. Nf3 Nbd7 6. Bd3 {A80: Dutch Defence: Unusual White second moves.} g6 7. h4 {[#]} h6 $146 ({Predecessor:} 7... Bg7 8. Ne2 Nh5 9. Nf4 Nxf4 10. Bxf4 h6 11. c3 Bf7 12. Qb3 Qc8 13. c4 c6 14. cxd5 Bxd5 {0-1 (60) Caruana,F (2835)-Sadhwani,R (2545) chess.com INT 2020}) 8. Bxf6 {White is better.} exf6 9. h5 g5 10. Ne2 Nb6 11. Ng3 (11. b3 $11) 11... Qd7 $15 12. c3 Bd6 13. Ne2 O-O-O 14. Qc2 Kb8 15. O-O-O c6 16. Kb1 Rhe8 17. Ka1 Bc7 18. Nd2 Nc4 19. Rde1 Re7 20. Nb3 {Black should prevent Nc5.} b6 21. Nd2 Rde8 22. g3 Nd6 23. Qb3 Ka8 24. Qc2 Ne4 25. Ref1 Bg8 26. Nb3 a5 27. Nd2 Ka7 28. a3 Bh7 29. c4 Bg8 ({Black should try} 29... f4 $15 30. gxf4 Nxf2 31. Bxh7 (31. Rxf2 Bxd3 32. Qxd3 Rxe3 $19) 31... Ng4) 30. Rh2 $2 {[%mdl 8192] This costs White the game.} (30. c5 $11 {and White is okay.}) 30... Nxd2 $19 {[%mdl 64] [#] Overworked Piece} 31. Qxd2 dxc4 32. Bb1 b5 33. Rc1 Rb8 34. Ba2 Bd5 35. Nc3 Ka6 36. Nxd5 (36. Qe2 {is a better defense.}) 36... cxd5 ({Not} 36... Qxd5 37. Bb1 $17) 37. b4 $2 {[#]} (37. Bb1) 37... axb4 {Black is clearly winning.} 38. Qxb4 Ba5 39. Qb2 b4 40. axb4 {and the idea Rxc4 leaves White hopeful.} Rxb4 41. Qc2 Qe6 42. Rhh1 Qe4 43. Qxe4 fxe4 44. g4 (44. Rc2 $142) 44... Reb7 45. Rc2 f5 46. gxf5 Rf7 47. Rb1 Rxf5 48. Rh1 Rb6 49. Rh2 Rf8 50. Rh1 Rxf2 $2 {[%mdl 32768] Weighted Error Value: White=0.47/Black=0.24. Loss on time!?} 0-1